00505nam a22001577a 450000500170000001000150001702000260003203500140005803700130007208200110008510000190009624501020011526000450021727000640026230000210032620200217123737.0 aENG-127884 c695.00a9780199490356 aEN-111416 bDBAD/PUB a351.54 aMathur,Kuldeep aRecasting Public Administration in India:cby Kuldeep MathurbReform, Rhetoric and Neoliberalism/ aNew Delhic2018bOxford University Press a2/11 Ground Floor,Ansari Road,Dariyaganje110002bNew Delhi avi;188p.b23(hb)